| 000 | 00769nam a22002175i 4500 | ||
|---|---|---|---|
| 001 | 18746 | ||
| 003 | ES-MaACL | ||
| 005 | 20230906151920.0 | ||
| 007 | t| | ||
| 008 | 020219s1994 sp ||||0| spa j | ||
| 020 | _a84-7719-402-5 | ||
| 040 |
_aM-BN _bspa _cM-BN |
||
| 080 | _a001.891(460.181) | ||
| 100 | 1 |
_aChamorro Alvarez, César Angel. _937894 |
|
| 245 | 1 | 0 |
_aCiencia en León _b: investigaciones contemporáneas en ciencia, técnica e informática / _cCésar A. Chamorro Alvarez. |
| 260 |
_aLeón : _bUniversidad de León, Secretariado de Publicaciones, _cD.L. 1994. |
||
| 300 |
_a348 p : _bil. col. y n ; _c24 cm. |
||
| 650 | 4 |
_aInvestigación- _zLeón (Provincia) _913896 |
|
| 710 | 2 |
_aUniversidad de León. _97200 |
|
| 852 |
_aES-MaACL _jL-25323 _bR.129623 |
||
| 999 |
_c18746 _d18746 |
||